00753nam a2200205 a 450000100100000000500170001000800410002704000250006808200130009310000410010624500550014726000320020230000250023449000320025950000740029183000390036504900090040495201170041399900170053000002555020200930023853.0110217s1966 sp r 000 0 spa d aDO-SdBNPbspacBNPHU ann*bnn*1 aSanfulgencio Nieto, Salvador.95221710aJurados de empresa /cSalvador Sanfulgencio Nieto. aMadrid :bEscelicer,c1966. a265, 32 p. ;c20 cm.1 aManuales de Derecho Laboral aIncluye referencias bibliográficas y notas al pie de las páginas. 0aManuales de Derecho Laboral952218 aBNGR 001054708MOaGRbGRcCTd2011-02-17iLF1l0onn* nn*p25550-10r2020-06-25w2020-06-25y4ZPréstamo en sala c25042d25042